Statistics for NBA Players by Emoji

Click here to take the quiz!

General Stats

  • This quiz has been taken 28,852 times
  • The average score is 9 of 20

Answer Stats

HintAnswer% Correct
πŸ‘‘LeBron James
99%
🐐Michael Jordan
98%
🐍Kevin Durant
73%
πŸƒNikola Jokic
67%
β¬›οΈπŸKobe Bryant
62%
πŸ•·Donovan Mitchell
58%
πŸ’―Wilt Chamberlain
58%
πŸ“ͺKarl Malone
57%
🦊De’Aaron Fox
54%
πŸ–Kawhi Leonard
51%
πŸ‡¬πŸ‡· πŸ€ͺGiannis Antetokounmpo
43%
πŸ‘΄πŸΎKyrie Irving
39%
πŸ‡±πŸ‡» πŸ¦„Kristaps Porzingis
31%
πŸ‘ΆπŸ”ͺStephen Curry
28%
πŸŒΆπŸ…ΏοΈPascal Siakam
22%
🐦 πŸ‘¨Chris Andersen
15%
🌧 πŸ‘¨Shawn Kemp
7%
πŸ‡§πŸ‡¦ 🐻Jusuf Nurkic
5%
β†˜οΈπŸ” πŸŸ«Dee Brown
3%
🍟βšͺ️JoJo White
2%

Score Distribution

Percentile by Number Answered

Percent of People with Each Score

Your Score History

You have not taken this quiz